Normal view
MARC view
- Chakrapani,U
Entry Personal Name
001 - CONTROL NUMBER
- control field: 2002
003 - CONTROL NUMBER IDENTIFIER
- control field: OSt
005 - DATE AND TIME OF LATEST TRANSACTION
- control field: 20170324140549.0
008 - FIXED-LENGTH DATA ELEMENTS
- fixed length control field: 170324|| aca||aabn | a|a d
040 ## - CATALOGING SOURCE
- Original cataloging agency: OSt
- Transcribing agency: OSt
100 ## - HEADING--PERSONAL NAME
- Personal name: Chakrapani,U
670 ## - SOURCE DATA FOUND
- Source citation: Work cat.: (OSt): Satyanarayana, U 2001, Biochemistry (with clinical concepts and case studies), 2016
